000 00463nam a2200181Ia 4500
001 10688
005 20260306161850.0
008 260306t2013||||xx |||||||||||||| ||spa||
041 _aESP
082 _a946.08
_bM96
100 _aMuñoz Carrasco, Olga
_eAUT
245 0 _aPerú y la guerra civil española:
_bla voz de los intelectuales
260 _c2013
300 _a559 páginas :
_c24 cm.
650 _aGEN
654 _aCHU
942 _cLIB
_dJUS
_fJUS
_2ddc
_n
999 _c10688
_d10688